Normal view
MARC view
- Syed Abid Ali Shah, Engr
Entry Personal Name
001 - CONTROL NUMBER
- control field: 48426
003 - CONTROL NUMBER IDENTIFIER
- control field: NUST
005 - DATE AND TIME OF LATEST TRANSACTION
- control field: 20210314134042.0
008 - FIXED-LENGTH DATA ELEMENTS
- fixed length control field: 210314|| aca||aabn | a|a d
040 ## - CATALOGING SOURCE
- Original cataloging agency: NUST
- Transcribing agency: NUST
100 ## - HEADING--PERSONAL NAME
- Personal name: Syed Abid Ali Shah, Engr
670 ## - SOURCE DATA FOUND
- Source citation: Work cat.: (NUST): Syed Abid Ali Shah, Engr, Load transfer from high strength concrete interior columns through ordinary strength concrete slabs, 1999
